000 00703nam a2200253 a 4500
001 nice12345678
003 IN_TiNIC
005 20260116011315.0
008 050524s1966 bana grp 000 0 eng
020 _a
_c100
082 0 0 _a230.0954
_bDAS
100 _aDas, R C
245 _aConviction of an Indian Disciple
260 _aBangalore
_bChristian Instt.For Study of Religion
_c1966
300 _a33p
500 _aincludes index and biblioraphy
505 2 _aunited nations conference on trade and development.Feb 1 to march 25 1968.
650 _aTheology-India
650 _aChristianity and Other Religions
700 1 _aDas, R C
902 _bSRS
942 _cBK
999 _c365
_d365